Dissections : plane & fancy

Αποθηκεύτηκε σε:
Λεπτομέρειες βιβλιογραφικής εγγραφής
Κύριος συγγραφέας: Frederickson, Greg N. (Greg Norman) 1947-
Μορφή: Βιβλίο
Γλώσσα:English
Δημοσίευση: Cambridge ; New York, NY, USA : Cambridge University Press, c2002
Θέματα:
Ετικέτες: Προσθήκη ετικέτας
Δεν υπάρχουν, Καταχωρήστε ετικέτα πρώτοι!

MARC

LEADER 00000nam a2200000 i 4500
001 1/60393
008 071025s2002 eng d
020 |a 0-521-52582-9 
035 |l 10091827 
040 |a GR-MY-UA  |b gre  |e aacr 
041 0 |a eng 
082 0 |a 793.74  |2 (22) 
100 1 |a Frederickson, Greg N.  |q (Greg Norman)  |d 1947- 
245 1 0 |a Dissections :  |b plane & fancy /  |c Greg N. Frederickson 
260 |a Cambridge ; New York, NY, USA :   |b Cambridge University Press,   |c c2002 
300 |a xi, 310 σ.;  |b εικ.;  |c 24 εκ. 
504 |a Περιλαμβάνει βιβλιογραφικές παραπομπές (σ. 293-301) και ευρετήρια. 
650 0 0 |a Geometric dissections. 
852 |a INST  |b SAMOS  |e 20071025  |h 793.74 FRE  |p 005300028009  |q 005300028009  |t BK  |y 0 
901 |a BIBL3-2007-3 
909 |a Σ  |b 139251 
922 |a 3ΕΛΗ  |b 200709  |c ΕΠΕΑΕΚ2/ΤΜΗΜΑ ΜΑΘΗΜΑΤΙΚΩΝ  |d ΠΑΠΑΣΩΤΗΡΙΟΥ 
970 |a ΣΙΤΖΙΜΗ  |b ΓΙΑΣΕΜΗ  |z 2007/10/25